Diseño e implementación del sistema HACCP para la línea de pechuga desmechada enlatada

Gespeichert in:
Bibliographische Detailangaben
1. Verfasser: Ramírez Sabogal, Liliana Patricia
Körperschaft: e-libro, Corp
Format: Artikel
Sprache:Spanisch
Veröffentlicht: Colombia : Red Revista Lasallista de Investigación, 2007.
Schlagworte:
Online-Zugang:https://elibro.unach.elogim.com/es/lc/unach/titulos/25786
Tags: Tag hinzufügen
Keine Tags, Fügen Sie den ersten Tag hinzu!

MARC

LEADER 00000nab a2200000 a 4500
001 ELB25786
003 FlNmELB
006 m o d |
007 cr cn|||||||||
008 201106r2007 ck |||||s|||||||||||spa d
022 |a 1794-4449 
035 |a (OCoLC)955412149 
040 |a FlNmELB  |b spa  |c FlNmELB 
050 4 |a TX341  |b R177 2007 
080 |a 664 
082 0 4 |a 664  |2 22 
100 1 |a Ramírez Sabogal, Liliana Patricia. 
222 0 |a Revista Lasallista de investigación 
245 1 0 |a Diseño e implementación del sistema HACCP para la línea de pechuga desmechada enlatada  |h [recurso electronico] /  |c Liliana Patricia Ramírez Sabogal. 
260 |a Colombia :  |b Red Revista Lasallista de Investigación,  |c 2007. 
300 |a 10 p. 
362 0 |a Vol. 4, No. 1(2007)- 
533 |a Recurso electrónico. Santa Fe, Arg.: e-libro, 2015. Disponible vía World Wide Web. El acceso puede estar limitado para las bibliotecas afiliadas a e-libro. 
650 4 |a Tecnología.  |x Ingeniería.  |x General. 
650 4 |a Technology.  |x Engineering.  |x General. 
650 4 |a Tecnología.  |x Ciencia de los alimentos. 
650 4 |a Technology.  |x Food science. 
655 4 |a Artículos electrónicos. 
710 2 |a e-libro, Corp. 
856 4 0 |u https://elibro.unach.elogim.com/es/lc/unach/titulos/25786